[Event "Subasic Memorial 3rd"]
[Site "Zenica"]
[Date "2004.12.11"]
[Round "9"]
[White "Atalik, Suat"]
[Black "Trkulja, Goran"]
[Result "1-0"]
[WhiteElo "2541"]
[BlackElo "2312"]
[Annotator "Atalik,S"]
[PlyCount "81"]
[EventDate "2004.12.05"]
[EventType "tourn"]
[EventRounds "9"]
[EventCountry "BIH"]
[EventCategory "7"]
[SourceTitle "CBM 104"]
[Source "ChessBase"]
[SourceDate "2005.01.27"]
[SourceVersion "1"]
[SourceVersionDate "2005.01.27"]
[SourceQuality "1"]

1. d4 d5 2. c4 c6 {Goran is not a regular Slav player so it is obvious that he
has prepared something special for this game.} 3. Nf3 {With the tournament
situation I needed a win for the first place, a draw would have provided me
with a share for it. In order to win my 30th international tournament I have
decided not to enter a sharp tactical battle in which Goran might have turned
to be dangerous.} ({After the game he has spilled the beans and said that he
has prepared} 3. Nc3 e5 $5 $13) 3... Nf6 4. e3 $5 {I have just played a long
game the day before in this line.} e6 {He goes for this move which is
considered to give white a theoretical advantage.} 5. Bd3 (5. Nbd2 c5 $1 $13 {
is annoying. I have chosen this myself in Odessa against some certain Baranov.}
(5... Nbd7 6. Bd3 Bd6 7. O-O O-O 8. e4 e5 9. cxd5 cxd5 10. exd5 exd4 11. Ne4 $1
Nxe4 12. Bxe4 Nc5 13. Qxd4 Nxe4 14. Qxe4 $14)) 5... Nbd7 6. O-O Ne4 $5 {
An interesting move a la Marshall. When Goran has played it I have immediately
recalled that Alex mentioned Shaba has praised this move recently.} 7. b3 {
I have chosen this move on positional grounds. It seems like black does not
have time for Bd6, Qe7 preventing the exchange of bishops like in a regular
Stonewall.} (7. Nc3 f5 8. Qc2 Bd6 9. Rb1 O-O 10. b4 $13 {looked to slow to me.}
) (7. Nfd2 f5 (7... Bd6 8. Nxe4 dxe4 9. Bxe4 Bxh2+ 10. Kxh2 Qh4+ 11. Kg1 Qxe4
12. Nc3 Qg6 $14 {should be better for white in principal.}) 8. f3 Nef6 9. Nc3
Be7 (9... dxc4 10. Bxc4 $1 (10. Nxc4 $6 b5 11. Ne5 Nxe5 12. dxe5 Nd7 13. f4 $13
) 10... Nb6 11. Bb3 Be7 12. Nc4 Nxc4 13. Bxc4 O-O 14. Qb3 $16) 10. cxd5 cxd5
11. Rf2 O-O 12. Nf1 Bd6 13. Rc2 a6 14. Bd2 $13 {leads to an interesting game.})
7... f5 $5 {I am not a great adherent of Stonewall type of structures, despite
of this I only find it extremely difficult to play against.} (7... Qf6 8. Ba3
Bxa3 9. Nxa3 Qe7 10. Nc2 $14) ({Avoiding the bishop exchange has its dangers.} 
7... Bd6 8. Ba3 Bc7 9. Nfd2 (9. Qc2 f5 10. Nc3 g5 11. Nd2 g4 12. f4 (12. Ne2
Qg5 $40) 12... gxf3 13. Nxf3 Ndf6 14. Rae1 Rg8 $13) 9... f5 10. f4 $16) (7...
a5 $5 8. Ba3 (8. Nfd2 f5 9. f3 Nef6 10. Bb2 Bd6 11. Nc3 O-O 12. f4 b6 13. cxd5
cxd5 14. Nb5 Ba6 15. Qe2 Qe7 16. Nxd6 Bxd3 17. Qxd3 Qxd6 18. a4 Rfc8 19. Ba3
Qc7 20. Rfc1 Qd8 $11) 8... Bxa3 (8... Bb4 $6 9. Bxb4 (9. Qc2 f5) 9... axb4 10.
Ne1 $1 O-O 11. Nc2 c5 12. Bxe4 dxe4 13. Nd2 f5 14. dxc5 $16) 9. Nxa3 O-O $13)
8. Ba3 Bxa3 9. Nxa3 O-O $6 {He should have make use of the fact that my Bd3
stands in the way for the standart maneuver Nc2-e1-d3.} (9... Qe7 10. Nc2 O-O
11. Qc1 b6 12. Qa3 Qxa3 (12... c5 13. dxc5 bxc5 14. b4 cxb4 15. Qxb4 Qxb4 16.
Nxb4 Ndc5 17. Bxe4 fxe4 18. Ne5 $36) 13. Nxa3 Ba6 $13) 10. b4 $1 $14 {This is
an important improvement in white's play.} Qe7 11. Qb3 g5 $1 {I was expecting
this.Goran immediately combines kingside attack with the fork on d2.} 12. Rad1
g4 13. Ne1 (13. Ne5 $6 Nxe5 14. dxe5 Ng5 15. b5 Bd7 16. Qb2 Qg7 $40) 13... Qh4
14. f4 $1 {If white beats the attack all black pieces will remain on the other
side of the board.} Rf6 $2 {He falls into the trap.In set ups like Stonewall
basically black should stick to the space provided with overexpanded pawn
structure. Alas immediate checkmating plans end up only in a positional
collapse.} ({Thus the right move is} 14... Ndf6 $1 {emphasizing the importance
of stronghold on e4.} 15. Nb1 (15. b5 Bd7) 15... Bd7 16. Nc3 Nxc3 (16... g3 $6
17. h3 Nf2 18. Nf3 Qh6 19. Rd2 Be8 20. Ne5 N6e4 21. Bxe4 Nxe4 22. Nxe4 fxe4 23.
b5 $16) 17. Qxc3 b5 18. c5 $14) 15. Bxe4 fxe4 16. g3 Qh3 17. b5 $16 {Now
black's underdevelopped queenside is under attack.} Rh6 18. Rf2 Nf6 19. bxc6
bxc6 20. Rb1 {Now a Khalifman like switch to the other side of the board about
to happen.} Qh5 21. Rfb2 Qe8 22. Qb4 $18 {White's pieces are taking benefit of
weaknesses in his opponents undefended queenside.} Nh5 $2 $138 {He cracks up
under the pressure!} (22... Qd8 23. Qc5 $18) ({or} 22... Qd7 23. Qc5 $18 {
and black is positionally doomed.}) 23. Qd6 Rf6 24. Rb8 {I was pleased with
the invasion but bringing the knight in had also its merits.} (24. Nec2 Rf8 25.
Nb4 Bd7 26. Na6 $18) 24... Rxb8 25. Rxb8 Rf8 26. Ra8 Ng7 $6 {At least he
should have tried to stick to material.} (26... a6 27. Qc7 Ng7 28. c5 Nf5 29.
Nac2 h5 30. Ng2 Qd7 31. Qxd7 Bxd7 32. Rxa6 Rb8 33. Rb6 Ra8 34. Nb4 $18) 27.
Rxa7 Nf5 28. Qc7 Rf7 {He has chosen the ending which could become very tricky
for white since one side is locked if white can not infiltrate from the other
one a draw may happen.} (28... Qg6 $5 29. Nac2 $18 (29. Qxc6 Nxe3 30. Rc7 Qe8
31. Qxe8 Rxe8 32. c5 $18)) 29. Qxf7+ Qxf7 30. Rxf7 Kxf7 31. Kf2 Ba6 $1 32. c5
$4 {A typical mistake by my side. Still with all these years experience I do
not listen to my common sens and try to calculate everything and then got
tired and take unnecessary risks when fatigue shows its ugly neck!} (32. cxd5
exd5 33. Nec2 Ke6 34. Nb4 Bb5 35. Nb1 $18 {and the win is a matter of time
with a pawn up and two passers in the pocket for the home team.}) 32... Ke7 33.
Nec2 Kd7 34. Nb4 Bd3 $4 {He also erred after a long thought.} (34... Bc4 $1 {
should have drawn the game due to the nature of closed position does not allow
an infiltration.} 35. Nb1 (35. Nxc4 dxc4 36. a4 (36. Ke2 Ne7 37. Kd2 Nd5 $11)
36... Ne7 37. Ke2 Nd5 38. Na2 (38. Nxd5 cxd5 39. a5 Kc7 40. a6 Kc6 $11) 38...
c3 (38... Kc7 $2 39. Kd2 Kb7 40. Nc3 Nf6 41. Nd1 Nd5 42. Nf2 c3+ 43. Kc2 Nxe3+
44. Kxc3 Nd5+ 45. Kc2 Nf6 46. Kd2 $18) 39. Kd1 Nxe3+ 40. Kc1 Nd5 41. Kc2 Ne3+
42. Kxc3 Nf1 $132) 35... Bb5 (35... Kc7 36. Nc3 Ne7 37. a4 Nf5 38. a5 Ne7 39.
Na4 Bb5 40. Nb6 Nc8 {is like in the hauptvariant.}) 36. Nc3 Kc7 37. a4 (37.
Nxb5+ cxb5 38. a3 h5 39. Nc2 Kc6 40. Kg2 Nh6 41. h3 Nf5 42. hxg4 hxg4 43. Kf2
Kc7 44. Ne1 Kb7 45. Ng2 Kc6 46. Nh4 Ne7 47. Ke2 Kb7 48. Kd2 Ka6 49. Kc3 Ka5 50.
Kb3 Ka6 51. Kb4 Nc6+ 52. Kc3 Ne7 53. a4 Ka5 54. axb5 Kxb5 55. Kb3 Ka5 $11)
37... Bc4 38. a5 Ne7 39. Na4 Bb5 40. Nb6 Nc8 41. h3 h5 42. hxg4 hxg4 43. Ke1
Ne7 44. a6 Nc8 45. Nxc8 Kxc8 46. Kd2 Kb8 47. Kc2 Ka7 48. Kc3 Kb8 49. Kb3 Ka8
50. Nc2 Ka7 $11) (34... Bb7 $5 35. Nb1 Kc7 36. Nc3 Bc8 37. Na4 Bd7 38. Nb6 Be8
39. a4 Kb7 40. a5 Ne7 $11) 35. Nxd3 exd3 36. Nb1 $18 {Now it is an easy win
and the difference between having a passer on c4 and to have it on d3 now
talks.} Kc7 37. Nc3 Kb7 38. Nd1 h5 {Bringing the king over also loses.} (38...
Ka6 39. Ke1 (39. Nb2 d2 40. Ke2 h5 41. Nd1 $18) 39... Kb5 40. Kd2 Kc4 41. Nb2+
$18) 39. Nb2 d2 40. Nd1 $1 Ka6 41. Ke2 {After this he has resigned and I have
won my 30th international tournament at the age of 40 about which I am very
happy. Of course I count shared first places as wins and in this number board
prizes in team tournaments and Turkish ones are excluded. In other words this
record consists of roundrobbin GM events and open tournaments since I have
never played a closed IM tournament in my life!} (41. Ke2 Kb5 42. Kxd2 Kc4 43.
Nb2+ Kb4 44. Nd3+ Ka4 45. Ne5 Ne7 46. Nf7 $18) 1-0

[Event "Athens Acropolis op"]
[Site "Athens"]
[Date "2004.11.19"]
[Round "4"]
[White "Atalik, Suat"]
[Black "Dobrov, Vladimir"]
[Result "1/2-1/2"]
[WhiteElo "2541"]
[BlackElo "2487"]
[Annotator "Atalik,S"]
[PlyCount "59"]
[EventDate "2004.11.16"]
[EventType "swiss"]
[EventRounds "9"]
[EventCountry "GRE"]
[SourceTitle "CBM 103 Extra"]
[Source "ChessBase"]
[SourceDate "2005.01.01"]
[SourceVersion "1"]
[SourceVersionDate "2005.01.01"]
[SourceQuality "1"]

1. d4 d5 2. c4 c6 3. Nf3 Nf6 4. e3 $5 {Once again this system has seduced me.
It seems like it happens once in 5 years.} e6 {He tries to keep the game at
the borders of Meran Defence.} (4... Bf5 {was long time considered to be the
best and most likely still is.} 5. Nc3 e6 6. Nh4 Be4 (6... Bg6 7. Be2 $1 {
Now white is not supposed to play Qb3.} Nbd7 8. Bd2 Bd6 9. Nxg6 hxg6 10. Qc2
$13) 7. f3 Bg6 8. Qb3 Qc7 (8... Qb6 9. Nxg6 hxg6 10. Kf2 $5 Nbd7 11. g3 g5 $5
12. cxd5 exd5 13. Qxb6 Nxb6 14. g4 $13) 9. Bd2 Nbd7 10. cxd5 exd5 {and now
Gurevich's} 11. g4 $5 $13 {is interesting.}) 5. Bd3 dxc4 6. Bxc4 Nbd7 $5 {
A very interesting move by the young and talented Russian Grandmaster.} 7. Nbd2
$5 {A new concept.} ({I have realised that he wants to go for} 7. O-O Bd6 8.
Nc3 O-O 9. e4 e5 10. Bg5 Qe7 {another system initiated by Chigorin the Father
of Russian Chess.} 11. Re1 Rd8 12. d5 h6 13. Bh4 Nf8 $1 $13) 7... c5 $1 {
The best reaction.} ({In case of} 7... Bd6 {to deploy the knight on c4 was my
idea.} 8. Bd3 $1 (8. Be2 $5 O-O 9. O-O $14) 8... O-O (8... e5 9. Nc4 Bb4+ 10.
Bd2 Bxd2+ 11. Qxd2) 9. O-O) 8. Nb3 $146 {time to get rid of the knight.} Qc7 ({
The following lines are no good.} 8... Nb6 $6 9. Be2) (8... b6 $6 9. dxc5) 9.
dxc5 Nxc5 10. O-O Bd7 11. Nxc5 Bxc5 12. b3 $14 {I was happy with my slight
edge.} O-O (12... O-O-O $6 {Things are not that similar to 4...Qd5 in French
Tarrasch since my f2 square is protected.} 13. Qe2 Bc6 14. Bb2 Ng4 15. e4 Bd6
16. g3 Ne5 17. Nxe5 Bxe5 18. Rac1 $16) 13. Bb2 Rfd8 {The first critical
position in the game.} 14. Qe2 {I was in between many lines finally I have
chosen the text.} (14. Rc1 $5 Bc6 15. Qe2 Bd6 16. Bb5 Bxb5 17. Qxb5 Qd7 (17...
Qe7 $6 18. Bxf6 gxf6 19. g4 $1 $14) 18. Qg5 h6 (18... Qe7 19. e4 h6 20. Bxf6
Qxf6 $8 21. Qxf6 gxf6 22. Rc2 Rac8 23. Rfc1 Rxc2 24. Rxc2 Kf8 25. Kf1 $14) 19.
Qh4 Nd5 $1 20. Qg4 (20. Qd4 Nf6 $13) 20... f5 21. Qd4 Qe7 $13 {is very sharp.})
(14. Be5 Qb6) 14... Bc6 15. Ne5 Bd5 16. Rac1 Qe7 17. Bd3 b6 $1 18. Rcd1 $1 {
The right rook!} a6 $5 {After a long thought he came up with this.} ({I was
expecting} 18... a5 19. Bb5 Rac8 $1 (19... Qb7 $6 20. f3) (19... Rdc8 $6 20. f3
Bb7 21. Nd7 $1) 20. f3 Bb7 21. Rxd8+ Rxd8 22. Nd3 Ba3 23. Bxa3 Qxa3 24. e4 $14
{keeps some edge for the home team!}) 19. Bxa6 {I could not resist the
temptation.} Qa7 20. Bc4 $6 {I have miscalculated something in the later
stages of the variation.} (20. Bd3 $1 {is very interesting but I could not
come up with some follow up in which I could catch up his queen.} Qxa2 (20...
Qb7 $6 21. Ng4 $1 (21. Nc4 $6 Rxa2 $1 (21... Bxg2 $6 22. Bxf6 Bh3 23. f4 Rxd3
24. Rxd3 Bxf1 25. Qg4 Qg2+ 26. Qxg2 Bxg2 27. Kxg2 b5 28. Bb2 bxc4 29. bxc4 Rxa2
30. Rd8+ Bf8 31. Rb8 f6 32. c5 Kf7 33. c6 Bd6 34. Rb7+ Kg6 35. Kf3 Ra6 36. c7
Ra8 37. Bd4 Rc8 38. Rb6 Be7 39. Rc6 Kf7 40. Bb6 Ke8 41. Rxe6 Kd7 42. Re4 Bd6
43. Rd4 Ke7 44. e4 Bxc7 45. Rc4 Kd7 46. Bxc7 Rxc7 47. Rxc7+ Kxc7 48. Kg4 g6 49.
h4 Kd6 50. h5 Ke6 $11) 22. Bb1 Raa8 23. Bxf6 gxf6 24. Qg4+ (24. Qh5 $6 Bxg2 25.
Qg4+ Kh8 26. Qh4 Kg7 27. Qxh7+ Kf8 $40) 24... Kh8 $11 (24... Kf8 $2 25. Bxh7
Ke7 26. Nd2 $1 (26. e4 Bxc4 27. bxc4 Rxd1 28. Rxd1 Qc7 $1 $44) 26... Rh8 27.
Be4 Rag8 28. Qf3 $18)) 21... Nxg4 22. Qxg4 f5 23. Qh4 Qf7 24. Bc4 Be7 25. Qg3
Rxa2 26. Bxd5 exd5 (26... Rxb2 $2 27. Qe5 $18) 27. Be5 $16) 21. b4 $1 Bf8 $1 (
21... Bxb4 $2 22. Ra1 Qb3 23. Bc2 $18) 22. Ra1 (22. Nc4 Be4) 22... Qb3 {
and I thought that this position was very unclear!} 23. b5 {But maybe I am
wrong!} (23. Rab1 Ra2) 23... Ne4 $6 (23... Rxa1 24. Rxa1 Be4 25. Bd4 Bxd3 26.
Qxd3 Qd5 27. Qe2 Ra8 28. Ra6 Bd6 29. Qc4 $16) 24. Bd4 Rxa1 25. Rxa1 Bc5 26. Bc2
Qb4 27. Ra4 Qd2 28. Qxd2 Nxd2 29. Bxc5 bxc5 30. Ra7 $1 Ra8 31. b6 $16) 20...
Qxa2 (20... Bxc4 21. Nxc4 (21. Rxd8+ $6 Rxd8 22. Qxc4 Qxa2 23. Nc6 Rd6 24. Ne7+
Kf8 25. Bxf6 gxf6 26. Nc8 Rd5 27. Qf4 Qb2 28. b4 Qxb4 29. Qxb4 Bxb4 30. Nxb6
$11) 21... Qxa2 22. b4 {transposes.}) 21. b4 (21. Nc6 Bxc4 22. Rxd8+ Rxd8 23.
Qxc4 Rd6 24. Ra1 Qxa1+ 25. Bxa1 Rd1+ 26. Qf1 Rxf1+ 27. Kxf1 Nd5 $11 {should
pose no problems for black.}) (21. Ra1 $5 Bxc4 22. bxc4 Qb3 $13 {is very messy.
}) 21... Bxc4 {Draw offer.} 22. Nxc4 Rxd1 $1 (22... Bxb4 $2 23. Ra1 Qb3 24.
Bxf6 gxf6 25. Qg4+ Kh8 26. Rab1 $18) 23. Qxd1 $1 ({After} 23. Rxd1 Bxb4 24.
Nxb6 Rb8 25. Ra1 Qb3 26. Bxf6 Rxb6 $1 (26... gxf6 27. Nd7 Bc3 $1 28. Rd1 Rd8
$13 {once again looks very messy.}) 27. Ra8+ Bf8 28. Be7 Rb8 29. Rxb8 Qxb8 30.
Bxf8 Qxf8 $11 {only athe game peters out to be a draw.}) 23... Qxc4 {He played
this too quick.} (23... Bxe3 $5 {I have also counted on this one.} 24. Qf3 $5 {
This was my intention.} (24. Bxf6 Qxc4 25. fxe3 gxf6 26. Qf3 Rf8 27. Qg3+ Kh8
28. Qd6 Rg8 29. Qxb6 Rxg2+ (29... Qe2 30. g3) 30. Kxg2 Qg4+ 31. Kf2 Qf5+ 32.
Ke1 Qb1+ 33. Kd2 Qxf1 $11) 24... Bg5 25. Nxb6 Rd8 26. Be5 Qa6 27. Bc7 Rd2 28.
Qc6 $13) 24. bxc5 Nd5 $1 $11 {I have realised this only when it was his move.}
(24... bxc5 25. Bxf6 gxf6 26. Qf3 {Thus white gets the pawn back.} Rc8 (26...
Qd5 27. Qxf6) 27. Qxf6 Qd3 28. h4 c4 29. h5 c3 30. Qg5+ $14) 25. cxb6 Nxb6 {
After this I have no tricks whatsoever.} 26. Qd6 (26. Bd4 Nd5 27. Qf3 (27. Qg4
$4 e5 $1 $19 {would be a sad end to the game.}) 27... f6 $11) 26... Nd5 27. Rc1
Qd3 $1 {Now there is nothing left.} 28. Qc6 Rd8 29. h3 h6 30. Qc4 1/2-1/2